La carrière de Samir Nasri - Statistiques

Statistiques générales
  • Ce quiz a été pris 116 fois
  • Le résultat moyen est 4 sur 7
Statistiques - réponses
Année Match But Club % Correct
2004 - 2008 166 12 Olympique de Marseille
100%
2011 - 2017 176 27 Manchester City
97%
2008 - 2011 125 27 Arsenal FC
92%
-> 2016 - 2017 30 3 Séville FC
69%
2019 - 2020 8 3 RSC Anderlecht
39%
2017 - 2018 8 2 Antalyaspor
25%
2018 - 2019 6 0 West Ham United
25%
Aucun quiz correspondant
Distribution des résultats
% des personnes avec chaque résultat
Percentile par nombre de réponses
Votre historique - résultats
Vous n’avez pas pris ce quiz